| 000 | 00708nas a2200241 4500 | ||
|---|---|---|---|
| 001 | BR0807027 | ||
| 003 | BR-BrBNA | ||
| 005 | 20231205112154.0 | ||
| 007 | ta | ||
| 008 | 230509b bl.|||p| |||| 00| 00por d | ||
| 040 |
_aBR-BrBNA _bpor _cBiblioteca Nacional de Agricultura |
||
| 041 | _a(Pt) | ||
| 072 | _aL20 | ||
| 100 | 1 | _aChaud Netto, J. | |
| 245 | 1 | _aAbandono do ninho; uma estratégia de sobrevivência das abelhas do gênero Apis | |
| 650 | _aABELHA | ||
| 650 | _aNINHO | ||
| 650 | _aCOMPORTAMENTO ANIMAL | ||
| 650 | _aSOBREVIVÊNCIA | ||
| 773 | 0 |
_tNaturalia (Brazil) _xISSN 0001-1944 _g(1992), v. (1) p. 101105 _wBR0807027 |
|
| 909 |
_a202311 _bLúcia _c55 _dLúcia Elande |
||
| 942 |
_2AGRIS _n0 _cANA |
||
| 999 |
_c196503 _d196503 |
||